[Event "11th Niki Open 2013"]
[Site "Nachod CZE"]
[Date "2013.07.06"]
[Round "8.22"]
[White "Koci,L"]
[Black "Cermak,Jan"]
[Result "1/2-1/2"]
[WhiteElo "1966"]
[BlackElo "1740"]

1.d4 d5 2.c4 c6 3.e3 Nf6 4.Nf3 e6 5.Nc3 Nbd7 6.cxd5 exd5 7.Bd3 Bd6 8.O-O O-O
9.e4 dxe4 10.Nxe4 Nxe4 11.Bxe4 h6 12.Bc2 Nf6 13.Qd3 Re8 14.Bd2 Be6 15.Rfe1 Qc7
16.Bc3 Bd5 17.Ne5 g6 18.Qh3 Bf8 19.f4 Bg7 20.Re2 Qc8 21.Qh4 Be6 22.Rae1 Bf5
23.Bb3 Be6 24.Nxg6 Kh7 25.Bxe6 Rxe6 26.Rxe6 fxe6 27.Ne5 Qe8 28.Qg3 Rd8 29.Qd3+ Kg8
30.Nf3 Qf7 31.Qe2 Re8 32.Ne5 Qc7 33.Qd3 Nd5 34.Bd2 Qb6 35.b3 Re7 36.Ng6 Qxd4+
37.Qxd4 Bxd4+ 38.Kf1 Re8 39.Ne5 Kg7 40.g3 h5 41.Kg2 Kf6 42.Kf3 Rh8 43.h3 a6
44.Re2 Rh7 45.Re4 Bb6 46.Re2 Bd4 47.Ke4 Bb6  1/2-1/2

[Event "41st TCh-GRE"]
[Site "Rio (Achaia) GRE"]
[Date "2013.07.06"]
[Round "6.10"]
[White "Betsakos,Konstantinos"]
[Black "Ioannidis,Ev"]
[Result "0-1"]
[WhiteElo "1565"]
[BlackElo "2013"]

1.d4 Nf6 2.c4 e6 3.Nf3 d5 4.e3 c6 5.Nc3 Bd6 6.Qc2 Nbd7 7.b3 O-O 8.Be2 Re8
9.O-O dxc4 10.bxc4 e5 11.Rd1 Qe7 12.Rb1 e4 13.Nd2 Nf8 14.Qb3 Ng4 15.Nf1 Qh4
16.Bxg4 Bxg4 17.Rd2 Re6 18.Ba3 Bxh2+ 19.Nxh2 Rh6 20.f3 Qxh2+ 21.Kf2 exf3  0-1

[Event "ch-BEL Open 2013"]
[Site "Antwerp BEL"]
[Date "2013.07.07"]
[Round "2.22"]
[White "Temmerman,Hans"]
[Black "Verhelst,J"]
[Result "0-1"]
[WhiteElo "1860"]
[BlackElo "2055"]

1.d4 d5 2.Nf3 Nf6 3.c4 e6 4.Nc3 c6 5.e3 Bd6 6.Be2 Nbd7 7.O-O O-O 8.Qc2 Qe7
9.e4 dxe4 10.Nxe4 Nxe4 11.Qxe4 e5 12.dxe5 Nxe5 13.Nxe5 Qxe5 14.Qxe5 Bxe5
15.Bd3 Rd8 16.Re1 Rxd3  0-1

[Event "Styrian Open A 2013"]
[Site "Bad Gleichenberg AUT"]
[Date "2013.07.07"]
[Round "2.16"]
[White "Pallitsch,C"]
[Black "Schneider Zinner,H"]
[Result "1/2-1/2"]
[WhiteElo "2152"]
[BlackElo "2355"]

1.d4 d5 2.c4 e6 3.Nc3 c6 4.e3 Nf6 5.Nf3 Nbd7 6.Qc2 Bd6 7.Bd3 dxc4 8.Bxc4 b5
9.Bd3 Bb7 10.O-O O-O 11.Rd1 Qc7 12.h3 a6 13.Ng5 h6 14.Nge4 c5 15.Nxd6 Qxd6
16.dxc5 Qc6 17.Ne4  1/2-1/2

[Event "V4 Int Open ch-SVK 2013"]
[Site "Banska Stiavnica SVK"]
[Date "2013.07.07"]
[Round "2.18"]
[White "Leniart,A"]
[Black "Turkova,K"]
[Result "1-0"]
[WhiteElo "2473"]
[BlackElo "2018"]

1.d4 d5 2.Nf3 Nf6 3.c4 c6 4.Nc3 e6 5.e3 Nbd7 6.Qc2 Bd6 7.Bd3 dxc4 8.Bxc4 b5
9.Bd3 Bb7 10.O-O a6 11.e4 e5 12.Ne2 O-O 13.Bg5 Rc8 14.dxe5 Bxe5 15.Ng3 h6
16.Nxe5 Nxe5 17.Bxf6 Qxd3 18.Qxd3 Nxd3 19.Rad1 Nf4 20.Be5 Ne6 21.Nf5 Rcd8
22.Bd6 Rfe8 23.f4 c5 24.e5 Rd7 25.Ne3 Nd4 26.Rf2 Red8 27.b4 Ne6 28.f5 Ng5
29.bxc5 Ne4 30.e6 fxe6 31.fxe6 Nxf2 32.Kxf2 Rf8+ 33.Ke2  1-0

[Event "Klatov Open A 2013"]
[Site "Klatovy CZE"]
[Date "2013.07.07"]
[Round "9.3"]
[White "Cifka,S"]
[Black "Bartos,J"]
[Result "1-0"]
[WhiteElo "2412"]
[BlackElo "2196"]

1.d4 d5 2.c4 c6 3.e3 Nf6 4.Nc3 e6 5.Nf3 Nbd7 6.Qc2 b6 7.Bd3 Bb7 8.O-O Be7
9.Rd1 Qc7 10.cxd5 cxd5 11.Bd2 O-O 12.Rac1 Rfc8 13.Qb1 Qb8 14.b4 h6 15.h3 a6
16.a4 Qd6 17.Na2 Bd8 18.Rxc8 Rxc8 19.Rc1 Rxc1+ 20.Qxc1 Bc7 21.Qf1 Ne4 22.Be1 Ng5
23.Qe2 a5 24.Kf1 Nxf3 25.Qxf3 axb4 26.Nxb4 Nb8 27.Qd1 Nc6 28.Na6 Bd8 29.Qb3 Qh2
30.Qb5 Qh1+ 31.Ke2 Qxg2 32.Nb4 e5 33.Nxc6 e4 34.Bc2 Bh4 35.Ne5 f6 36.Qxb6 fxe5
37.Qxb7 Qf3+ 38.Kd2 Bxf2 39.Qxd5+ Kf8 40.Qxe4 Bxe1+ 41.Kxe1 Qg3+ 42.Ke2  1-0

[Event "Klatov Open A 2013"]
[Site "Klatovy CZE"]
[Date "2013.07.07"]
[Round "9.28"]
[White "Novak,Jar"]
[Black "Knischka,Walter"]
[Result "1-0"]
[WhiteElo "1900"]
[BlackElo "1911"]

1.d4 d5 2.c4 c6 3.e3 Nf6 4.Nf3 e6 5.Nc3 Nbd7 6.Bd3 dxc4 7.Bxc4 b5 8.Bd3 Bb7
9.O-O b4 10.Na4 Be7 11.e4 O-O 12.Bg5 h6 13.Bh4 Re8 14.Rc1 Rc8 15.Nc5 Nxc5
16.dxc5 Qa5 17.Qc2 Ba6 18.Bxa6 Qxa6 19.Nd2 Nd7 20.Bxe7 Rxe7 21.Rfd1 Nf6 22.Nc4 Ne8
23.Nd6 Nxd6 24.cxd6 Rd7 25.e5 c5 26.Qc4 Qxc4 27.Rxc4 g5 28.g3 Kg7 29.Rdc1 f6
30.f4 Kg6 31.Rxc5 Rxc5 32.Rxc5 gxf4 33.gxf4 Kf5 34.Rc7 Rd8 35.d7 fxe5 36.fxe5 Kxe5
37.Rxa7 Kd4 38.Kf1 e5 39.Rb7 Kd3 40.Ke1 e4 41.Rxb4 Rxd7 42.Rb3+ Kd4 43.Ke2 Re7
44.Ra3 Rg7 45.Ra4+ Kd5 46.Ke3 Rg2 47.Rd4+ Kc6 48.Rd2 Rg7 49.Kxe4 Ra7 50.a3 Kc5
51.Kd3 Kb5 52.Kc3 Rf7 53.Rd5+ Kc6 54.Rh5 Rf3+ 55.Kb4 Rf4+ 56.Ka5 Rf6 57.b4 Re6
58.b5+ Kb7 59.a4 Rf6 60.h4 Re6 61.Rf5 Re4 62.h5 Rh4 63.Rf7+ Kc8 64.Rf6 Kd7
65.Rxh6 Kc7 66.Rh7+ Kc8 67.b6 Rf4 68.Kb5 Rf5+ 69.Ka6 Rf4 70.a5 Rf5 71.h6 Rh5
72.Rc7+ Kb8 73.h7 Rh6 74.Rg7  1-0

[Event "6th d'Ille et Vilaine 2013"]
[Site "Rennes FRA"]
[Date "2013.07.07"]
[Round "3.2"]
[White "Koziak,V"]
[Black "Cleaud,Cyril"]
[Result "1-0"]
[WhiteElo "2509"]
[BlackElo "1739"]

1.d4 d5 2.c4 c6 3.Nc3 Nf6 4.e3 e6 5.Nf3 Bd6 6.Bd3 O-O 7.e4 dxe4 8.Nxe4 Nxe4
9.Bxe4 Nd7 10.O-O h6 11.c5 Bc7 12.Re1 Qf6 13.Bc2 Bf4 14.Qd3 g6 15.Bxf4 Qxf4
16.Rxe6 Nf6 17.g3 Qg4 18.Rxf6 Bf5 19.Qc3 Bxc2 20.Qxc2 Rad8 21.Rf4 Qe6 22.Qb3 Rd5
23.Qxb7 g5 24.Re1 Qg6 25.Rfe4  1-0

[Event "ch-BEL Open 2013"]
[Site "Antwerp BEL"]
[Date "2013.07.08"]
[Round "3.21"]
[White "Goncalves,J2"]
[Black "Ledent,Philippe"]
[Result "1/2-1/2"]
[WhiteElo "2078"]
[BlackElo "1868"]

1.d4 d5 2.c4 c6 3.Nc3 Nf6 4.e3 e6 5.Nf3 Nbd7 6.Bd3 dxc4 7.Bxc4 b5 8.Bd3 a6
9.Bd2 c5 10.Rc1 Bb7 11.O-O Be7 12.Qe2 O-O 13.Rfd1 Qb6 14.Bb1 Rfd8 15.Ne5 cxd4
16.exd4 Qxd4 17.Nxd7 Qxd7 18.Bg5 Qe8 19.Bxf6 Bxf6 20.Ne4 Rxd1+ 21.Rxd1 Bxe4
22.Qxe4 g6 23.b3 Rd8 24.Rxd8 Qxd8 25.Qd3 Qc7 26.Qc2 Qd6 27.g3 a5 28.Qd3 Qc5
29.a4 b4 30.Kg2 Bd4 31.Qf3  1/2-1/2

[Event "IsBank TCh-TUR 2013"]
[Site "Denizli TUR"]
[Date "2013.07.08"]
[Round "11.2"]
[White "Sanikidze,T"]
[Black "Esen,B"]
[Result "1/2-1/2"]
[WhiteElo "2553"]
[BlackElo "2562"]

1.d4 d5 2.c4 c6 3.Nf3 Nf6 4.Nc3 e6 5.e3 Nbd7 6.Qc2 Bd6 7.Bd3 O-O 8.O-O dxc4
9.Bxc4 b5 10.Bd3 Bb7 11.a3 a6 12.Ng5 Bxh2+ 13.Kxh2 Ng4+ 14.Kg1 Qxg5 15.f3 Ngf6
16.e4 Qh4 17.Be3 e5 18.Ne2 Nh5 19.Qd2 h6 20.b4 Rfe8 21.a4 exd4  1/2-1/2

[Event "ch-BEL Open 2013"]
[Site "Antwerp BEL"]
[Date "2013.07.09"]
[Round "4.10"]
[White "De Herdt,Y"]
[Black "T'sas,J"]
[Result "1/2-1/2"]
[WhiteElo "2143"]
[BlackElo "2010"]

1.Nf3 d5 2.c4 c6 3.e3 Nf6 4.Nc3 e6 5.d4 Be7 6.Bd3 Nbd7 7.O-O O-O 8.e4 dxe4
9.Nxe4 Nxe4 10.Bxe4 Nf6 11.Bc2 b5 12.c5 Nd5 13.Ne5 Qe8 14.Qd3 f5 15.Qe2 Bf6
16.Re1 a5 17.Nf3 Qh5 18.Bb3 Bd7 19.Bxd5 exd5 20.Bf4 Rfe8 21.Be5 a4 22.Qd2 Bd8
23.b4 Bf6 24.Re2 a3 25.Rae1 Qf7 26.Bxf6 gxf6 27.Rxe8+ Rxe8 28.Rxe8+ Qxe8
29.Qe3 Qe4 30.g3 Kf7 31.Kg2 f4 32.Qxa3 fxg3 33.hxg3 Bg4 34.Qe3 Bxf3+ 35.Qxf3 Qxd4  1/2-1/2

[Event "FSIM July 2013"]
[Site "Budapest HUN"]
[Date "2013.07.09"]
[Round "4.6"]
[White "Jia,H"]
[Black "To,N"]
[Result "1-0"]
[WhiteElo "2340"]
[BlackElo "2292"]

1.d4 d5 2.c4 c6 3.Nc3 Nf6 4.Nf3 e6 5.e3 Nbd7 6.Qc2 Bd6 7.Bd3 O-O 8.O-O dxc4
9.Bxc4 a6 10.Rd1 b5 11.Be2 Qc7 12.e4 e5 13.g3 Re8 14.a3 exd4 15.Nxd4 Be5
16.Be3 c5 17.Nf5 g6 18.Nh6+ Kg7 19.Ng4 Nxg4 20.Bxg4 Nb6 21.Bxc8 Raxc8 22.Nd5 Qc6
23.f4 Bb8 24.Qc3+ f6 25.Nxb6 Qxb6 26.Rd7+ Kg8 27.Rad1 Qc6 28.R1d5 c4 29.Bd4 Rxe4
30.Bxf6 Ba7+ 31.Kf1 Re3 32.Rg7+ Kf8 33.Be7+ Ke8 34.Rg8+ Kxe7 35.Qg7+ Ke6
36.Re5+ Rxe5 37.Qxe5+ Kf7 38.Rg7+ Kf8 39.Qe7+  1-0

[Event "IsBank TCh-TUR 2013"]
[Site "Denizli TUR"]
[Date "2013.07.09"]
[Round "12.8"]
[White "Paikidze,N"]
[Black "Dai,I"]
[Result "1-0"]
[WhiteElo "2368"]
[BlackElo "1563"]

1.d4 d5 2.Nf3 Nf6 3.c4 e6 4.Nc3 c6 5.e3 Nbd7 6.Bd3 dxc4 7.Bxc4 b5 8.Bd3 Bb7
9.a3 Be7 10.O-O O-O 11.Qe2 Rc8 12.e4 Re8 13.Bg5 Nb6 14.Rfd1 Nfd7 15.Bf4 Nf8
16.Bg3 Ng6 17.Rac1 Bd6 18.e5 Be7 19.h4 Qd7 20.h5 Nf8 21.h6 g6 22.Ne4 Rc7
23.Bh4 Bxh4 24.Nxh4 Nd5 25.Rc5 Qe7 26.g3 Nd7 27.Rcc1 Qf8 28.Qd2 Rb8 29.Nc5 Nxc5
30.Rxc5 Rcc8 31.Be4 a6 32.Rdc1 Ra8 33.Bxd5 cxd5 34.Rc7 Rab8 35.Qf4 Ba8 36.Qf6 Re8
37.Nf3 Rb7 38.Ng5  1-0

[Event "15th Torredembarra Open 2013"]
[Site "Torredembarra ESP"]
[Date "2013.07.09"]
[Round "4.3"]
[White "Pogorelov,R"]
[Black "Bru Rullo,L"]
[Result "0-1"]
[WhiteElo "2392"]
[BlackElo "2087"]

1.Nf3 Nf6 2.c4 e6 3.Nc3 d5 4.d4 c6 5.e3 Nbd7 6.Qc2 Bd6 7.Bd3 O-O 8.O-O dxc4
9.Bxc4 b5 10.Bd3 Bb7 11.a3 a6 12.b4 a5 13.Rb1 axb4 14.axb4 Qe7 15.e4 e5 16.dxe5 Nxe5
17.Nxe5 Bxe5 18.Ne2 Rfd8 19.f4 Bc7 20.Be3 Ra3 21.Bc5 Bd6 22.Rf3 Bxc5+ 23.bxc5 Qd7
24.Rd1 b4 25.e5 Ne4 26.Qc1 Ba6 27.Bc2 Nd2 28.Rf2 b3 29.Qxa3 bxc2 30.Re1 Bxe2
31.Rfxe2 Qd4+ 32.Qe3 Nf3+ 33.gxf3 Qxe3+ 34.Rxe3 Rd1 35.Ra3 Rxe1+ 36.Kf2 g6
37.Ra8+ Kg7 38.Kxe1 c1=Q+ 39.Kf2 Qxc5+ 40.Kg2 Qc2+ 41.Kg3 Qf5 42.Ra5 h5 43.h4 Qb1
44.Ra8 Qg1+ 45.Kh3 c5 46.Ra7 c4 47.Rc7 c3 48.e6 Qh1+ 49.Kg3 Qe1+ 50.Kg2 Qxe6
51.Rxc3 Qe2+ 52.Kh3 Qf1+ 53.Kh2 Qe1 54.Rc4 Qf2+  0-1

[Event "2nd Ideon Andron Open 2013"]
[Site "Anogia GRE"]
[Date "2013.07.10"]
[Round "1.2"]
[White "Maiorov,N1"]
[Black "Kiriakakis,Ioannis"]
[Result "1-0"]
[WhiteElo "2538"]
[BlackElo "1503"]

1.d4 d5 2.c4 e6 3.Nf3 c6 4.e3 Nf6 5.Nc3 Be7 6.b3 O-O 7.Bb2 Nbd7 8.Bd3 c5
9.cxd5 exd5 10.O-O b6 11.Rc1 Bb7 12.Qe2 a6 13.Rfd1 cxd4 14.Nxd4 Nc5 15.Bb1 Qb8
16.Nf5 Re8 17.Na4 Ncd7 18.Nxe7+ Rxe7 19.Bxf6 Nxf6 20.Nxb6 Ra7 21.Bf5 Rc7
22.Na4 Bc8 23.Bxc8 Qxc8 24.Qb2 Rxc1 25.Rxc1 Rc7 26.Rxc7 Qxc7 27.Qc3 Qb7 28.Nc5 Ne4
29.Qxg7+ Kxg7 30.Nxb7 Nc3 31.a4 Ne4 32.f3 Nd2 33.Nc5  1-0

[Event "V4 Int Open ch-SVK 2013"]
[Site "Banska Stiavnica SVK"]
[Date "2013.07.10"]
[Round "5.84"]
[White "Piovar,Jaroslav"]
[Black "Miklasova,Emma"]
[Result "0-1"]
[WhiteElo "1564"]
[BlackElo "1601"]

1.d4 d5 2.c4 c6 3.Nf3 Nf6 4.Nc3 e6 5.e3 Be7 6.Bd3 O-O 7.O-O c5 8.cxd5 exd5
9.dxc5 Bxc5 10.h3 Nc6 11.a3 a5 12.Re1 Be6 13.Nb5 d4 14.exd4 Bb6 15.Be3 Qe7
16.Rc1 Rfd8 17.Bc4 Rd7 18.Qc2 Rad8 19.Rcd1 h6 20.Bxe6 fxe6 21.Qc4 Kh8 22.Qc2 Kg8
23.Rd2 Rd5 24.Red1 Rxb5 25.Nh4 Qf7 26.a4 Rbd5 27.Nf3 R8d7 28.Qb3 Ba7 29.Qc2 Rf5
30.Nh4 Rfd5 31.Nf3 Bb8 32.Kh1 Nb4 33.Qb1 Qh5 34.Rc1 Qf5 35.Rc8+ Rd8 36.Qc1 Nc6
37.Rxd8+ Rxd8 38.Qc4 Qd5 39.Qc2 Ne4 40.Rd1 Nb4 41.Qe2 Qd6 42.Rc1 Rf8 43.Bxh6 Rxf3
44.Rc8+ Rf8 45.Rxf8+ Kxf8 46.Bxg7+ Kxg7 47.Qg4+ Kf8 48.Qf3+ Qf4  0-1

[Event "IsBank TCh-TUR 2013"]
[Site "Denizli TUR"]
[Date "2013.07.10"]
[Round "13.5"]
[White "Goksel,D"]
[Black "Tulay,B"]
[Result "1-0"]
[WhiteElo "2242"]
[BlackElo "2134"]

1.Nf3 Nf6 2.d4 d5 3.c4 e6 4.Nc3 c6 5.e3 Nbd7 6.Qc2 Bd6 7.Be2 O-O 8.O-O Re8
9.Rd1 Qe7 10.a3 h6 11.h3 dxc4 12.Bxc4 e5 13.Nh4 Nf8 14.Nf5 Bxf5 15.Qxf5 e4
16.h4 g6 17.Qh3 Qd7 18.Qxd7 N8xd7 19.g3 Kg7 20.Kg2 Nb6 21.Be2 g5 22.Rh1 Nbd5
23.Bd2 Ne7 24.Rac1 Nf5 25.hxg5 hxg5 26.Na4 Rh8 27.Rxh8 Rxh8 28.Nc5 Bxc5 29.Rxc5 Kg6
30.b4 a6 31.a4 Nh6 32.Be1 Nhg4 33.b5 axb5 34.axb5 cxb5 35.Rxb5 Nh2 36.Rxb7 g4
37.Bc4 Nf3 38.Bxf7+ Kg7 39.Bb4 Rh2+ 40.Kf1 Rh1+ 41.Ke2 Ng1+ 42.Kd2 Nf3+ 43.Kc3 Rc1+
44.Kb2 Rh1 45.Be6+ Kg6 46.Bf8 Ng5 47.Rg7+ Kh5 48.Bf5  1-0

[Event "IsBank TCh-TUR 2013"]
[Site "Denizli TUR"]
[Date "2013.07.10"]
[Round "13.2"]
[White "Yilmaz,M"]
[Black "Esen,B"]
[Result "1-0"]
[WhiteElo "2556"]
[BlackElo "2562"]

1.d4 d5 2.c4 c6 3.Nf3 Nf6 4.Nc3 e6 5.e3 Nbd7 6.Qc2 Bd6 7.Bd3 O-O 8.O-O dxc4
9.Bxc4 b5 10.Be2 Bb7 11.e4 e5 12.dxe5 Nxe5 13.Nd4 Neg4 14.g3 Bxg3 15.hxg3 Qxd4
16.Qd1 Qxd1 17.Rxd1 a6 18.f3 Ne5 19.Be3 Rfe8 20.Rd6 Ng6 21.Rad1 Nf8 22.Kf2 Rec8
23.Bf1 Ne8 24.R6d2 Nc7 25.f4 f6 26.Bh3 Re8 27.Bb6 Nce6 28.b4 Rab8 29.Rd6 h6
30.a4 Ra8 31.a5 Re7 32.Nb1 Rae8 33.Nd2 Rd7 34.Rxd7 Nxd7 35.Nc4 Ndf8 36.Nd6 Re7
37.Nxb7 Rxb7 38.Rd6 Kf7 39.Rxc6 Rb8 40.Be3 Ra8 41.Bg2 Nd7 42.e5  1-0

[Event "EY Girls Teams 2013"]
[Site "Maribor SLO"]
[Date "2013.07.10"]
[Round "5"]
[White "Franca,Veronika"]
[Black "Varga,Me"]
[Result "1/2-1/2"]
[WhiteElo "1940"]
[BlackElo "2216"]

1.d4 d5 2.c4 c6 3.Nc3 Nf6 4.e3 e6 5.Nf3 Nbd7 6.Qc2 Bd6 7.Bd3 dxc4 8.Bxc4 b5
9.Bd3 Bb7 10.a3 O-O 11.O-O Qe7 12.e4 e5 13.dxe5 Nxe5 14.Nxe5 Bxe5 15.Ne2 c5
16.f4 c4 17.Bxc4 bxc4 18.fxe5 Qc5+ 19.Kh1 Nxe4 20.Nc3 Nxc3 21.Qxc3 Rad8 22.Bf4 Rd3
23.Qc2 Qd5 24.Rf2 Rd8 25.Raf1 Qe6 26.Kg1 R8d4 27.Qe2 Qg6 28.e6 f6 29.Qc2 Qe8
30.Re2 Be4 31.Rfe1 Qxe6 32.Be3 Rd7 33.Bxa7 f5 34.Qa4 Rd8 35.Bf2 Qd5 36.Bg3 h6
37.Qa7 Ra8 38.Qc7 Qe6 39.Qe5 Qd7 40.Qc7 Qa4 41.Qe7 Re8 42.Qc5 Red8 43.Qe7 Re8
44.Qc5 Kh7 45.Qc7 Red8 46.Qc5 Rd1 47.Qf2 Qb3 48.Be5 Qd3 49.Bc3 Rd6 50.Rxd1 Qxd1+
51.Re1 Qd5 52.g3 Rd7 53.a4 Qd3 54.a5 Bb7 55.Rf1 Kg6 56.Qb6+ Kh7 57.Qc5 Rd5
58.Qb6 Rd7 59.Qc5 Bd5  1/2-1/2

[Event "Commonwealth & RSA Open"]
[Site "Port Elizabeth RSA"]
[Date "2013.07.10"]
[Round "7.48"]
[White "Nene,Themba"]
[Black "Selkirk,Rebecca"]
[Result "0-1"]
[WhiteElo "1963"]
[BlackElo "1612"]

1.d4 d5 2.c4 c6 3.Nf3 Nf6 4.Nc3 e6 5.e3 Nbd7 6.Bd3 dxc4 7.Bxc4 b5 8.Bd3 Bb7
9.O-O a6 10.Qe2 c5 11.Rd1 Qc7 12.e4 cxd4 13.Nxd4 Bd6 14.h3 O-O 15.Bg5 Be5
16.Bc2 Rac8 17.Rac1 h6 18.Be3 Nb6 19.Bb3 Bxd4 20.Bxd4 Nbd7 21.Rc2 Qb8 22.e5 Nh7
23.f4 Rfd8 24.Rcd2 Nhf8 25.f5 Nc5 26.Bc2 exf5 27.Bxf5 Nce6 28.Bf2 Rxd2 29.Rxd2 Rd8
30.Rxd8 Qxd8 31.Qd3 Qg5 32.Ne4 Qc1+ 33.Qf1 Qxb2 34.Bxe6 Nxe6 35.Nd6 Bd5 36.Bg3 Nf8
37.Qf2 Qb1+ 38.Kh2 Qxa2 39.Qxa2 Bxa2 40.Be1 Ng6 41.Ne4 Bd5 42.Nc3 Bc4  0-1

[Event "2nd Ideon Andron Open 2013"]
[Site "Anogia GRE"]
[Date "2013.07.11"]
[Round "2.9"]
[White "Stavrianakis,I"]
[Black "Koutsogiannopoulou,T"]
[Result "1-0"]
[WhiteElo "2298"]
[BlackElo "1886"]

1.d4 d5 2.Nf3 c6 3.e3 Nf6 4.c4 e6 5.Nc3 Be7 6.Qc2 a6 7.b3 b5 8.Be2 O-O 9.O-O Nbd7
10.Bb2 Bb7 11.Rac1 Rc8 12.Rfd1 b4 13.Na4 c5 14.Qb1 a5 15.cxd5 Nxd5 16.Nxc5 Nxc5
17.dxc5 Qe8 18.Qd3 Bxc5 19.Bxg7 Kxg7 20.Rxc5 Nc3 21.Rg5+ Kf6 22.Qd4+ Ke7
23.Re1 Rg8 24.Rg3 Qd7 25.Qh4+ Kf8 26.Bc4 Rxg3 27.hxg3 Bxf3 28.gxf3 Nxa2 29.Kg2 Nc3
30.Rh1 Rd8 31.Qf6 Kg8 32.Rh5 Qd2 33.Qg5+ Kf8 34.Rxh7  1-0

[Event "Styrian Open A 2013"]
[Site "Bad Gleichenberg AUT"]
[Date "2013.07.11"]
[Round "6.1"]
[White "Froewis,G"]
[Black "Diermair,A"]
[Result "1/2-1/2"]
[WhiteElo "2423"]
[BlackElo "2426"]

1.c4 e6 2.Nf3 d5 3.d4 Nf6 4.Nc3 c6 5.e3 Nbd7 6.Qc2 Bd6 7.g4 h6 8.Rg1 e5 9.cxd5 cxd5
10.h4 e4 11.Nd2 Nb6 12.g5 hxg5 13.hxg5 Ng8 14.Nb5 Ne7 15.f4 exf3 16.Nxf3 Bf5
17.Nxd6+ Qxd6 18.Qc5 Qe6 19.Bd2 Rc8 20.Qb5+ Kf8 21.Be2 Be4 22.Ne5 Rh2 23.Rc1 Rxc1+
24.Bxc1 Ng6 25.Qc5+ Kg8 26.Ng4 Rh4  1/2-1/2

[Event "V4 Int Open ch-SVK 2013"]
[Site "Banska Stiavnica SVK"]
[Date "2013.07.11"]
[Round "6.36"]
[White "Holeczy,Ma"]
[Black "Banduka,Z"]
[Result "1-0"]
[WhiteElo "2015"]
[BlackElo "2168"]

1.d4 d5 2.c4 c6 3.e3 e6 4.Nf3 Nf6 5.Nc3 Nbd7 6.Qc2 Bd6 7.Bd3 dxc4 8.Bxc4 O-O
9.O-O b5 10.Bd3 Bb7 11.a3 a6 12.b4 a5 13.Rb1 Qe7 14.e4 e5 15.Ne2 axb4 16.axb4 Ra4
17.Ng3 g6 18.Bd2 exd4 19.Nxd4 Ng4 20.Qc1 Nge5 21.Bc2 Raa8 22.Bg5 f6 23.Bh6 Rfe8
24.Bb3+ Kh8 25.Ndf5 gxf5 26.Nxf5 Nd3 27.Qd1 Nxf2 28.Rxf2  1-0

[Event "V4 Int Open ch-SVK 2013"]
[Site "Banska Stiavnica SVK"]
[Date "2013.07.11"]
[Round "6.23"]
[White "Kantorik,M"]
[Black "Mandak,M"]
[Result "0-1"]
[WhiteElo "2331"]
[BlackElo "1996"]

1.d4 d5 2.c4 c6 3.Nf3 Nf6 4.Nc3 e6 5.e3 Bd6 6.Bd3 Nbd7 7.e4 dxc4 8.Bxc4 Be7
9.O-O b5 10.Bd3 a6 11.e5 Nd5 12.Nxd5 cxd5 13.a4 bxa4 14.Qxa4 Bb7 15.Bd2 O-O
16.Ba5 Qe8 17.Rfc1 Nb8 18.Qb3 Bc6 19.Bc7 Qd7 20.Qb6 Rc8 21.Bd6 Bd8 22.Qb4 a5
23.Qa3 Na6 24.h3 Bb5 25.Qb3 Bc6 26.Ne1 f5 27.Bxa6 Rxa6 28.Nd3 Raa8 29.Nc5 Qe8
30.Kh2 h6 31.f4 Kh7 32.Ra3 g5 33.g3 Ra7 34.Qc2 Qg6 35.Rc3 Rf7 36.Nd3 Rg7
37.Rxc6 Rxc6 38.Qxc6 gxf4 39.Rg1 fxg3+ 40.Kg2 f4 41.Qc2 f3+ 42.Kf1 g2+ 43.Ke1 Bh4+
44.Kd1 f2  0-1

[Event "V4 Int Open ch-SVK 2013"]
[Site "Banska Stiavnica SVK"]
[Date "2013.07.12"]
[Round "7.1"]
[White "Michalik,P"]
[Black "Banusz,T"]
[Result "1/2-1/2"]
[WhiteElo "2579"]
[BlackElo "2588"]

1.d4 d5 2.c4 c6 3.Nc3 Nf6 4.e3 e6 5.Nf3 a6 6.Bd3 dxc4 7.Bxc4 b5 8.Bb3 c5
9.O-O Nbd7 10.d5 c4 11.dxe6 fxe6 12.Bc2 Bb7 13.Nd4 Qb6 14.b3 cxb3 15.Bxb3 Nc5
16.Ba3 Nxb3 17.Qxb3 Bxa3 18.Qxa3 Kf7 19.Qb3 Rac8 20.Rab1 Rhd8 21.a4 Rxd4
22.exd4 Qc6 23.d5 Qxc3 24.dxe6+ Kg6 25.axb5 Qxb3 26.Rxb3 axb5 27.Re1 Rc5
28.Rg3+ Kh6 29.Rh3+ Kg6 30.Rg3+  1/2-1/2

[Event "Universiade Men"]
[Site "Kazan RUS"]
[Date "2013.07.12"]
[Round "5.11"]
[White "Sjugirov,S"]
[Black "Mammadov,Z"]
[Result "1/2-1/2"]
[WhiteElo "2647"]
[BlackElo "2437"]

1.d4 d5 2.c4 c6 3.Nc3 Nf6 4.e3 e6 5.Nf3 Nbd7 6.Bd3 dxc4 7.Bxc4 b5 8.Bd3 b4
9.Ne4 Nxe4 10.Bxe4 Bb7 11.O-O Bd6 12.a3 bxa3 13.Qc2 Rc8 14.Nd2 Nf6 15.Bf3 Qc7
16.Nc4 Bxh2+ 17.Kh1 Bd6 18.Nxd6+ Qxd6 19.b3 h5 20.Bxa3 Qc7 21.Bc5 a6 22.Kg1 Rh6
23.e4 Qf4 24.Qe2 Rg6 25.Rfe1 Ng4 26.g3 Qg5 27.Kg2 Kd7 28.Rh1 Rh8 29.Rh3 h4
30.Rah1 Nf6 31.Qe1 Qf4 32.Qb4 Ba8 33.Qb6 Ne8 34.d5 cxd5 35.exd5 Qc7 36.Qxa6 Bxd5
37.Bxd5 exd5 38.Qa4+ Qc6 39.Rxh4 Rxh4 40.Rxh4 Nc7 41.Be3 Qxa4 42.bxa4 Ra6
43.Rb4 Kc6 44.Bd2 Ne6 45.Rh4 d4 46.a5 Kd5 47.Kf3  1/2-1/2

[Event "7th LCT 2013"]
[Site "Leiden NED"]
[Date "2013.07.12"]
[Round "1.29"]
[White "Vreeburg,J"]
[Black "Van 't Hof,E"]
[Result "0-1"]
[WhiteElo "1922"]
[BlackElo "2144"]

1.d4 Nf6 2.Nf3 d5 3.c4 c6 4.Nc3 e6 5.e3 Be7 6.Bd3 dxc4 7.Bxc4 b5 8.Bd3 a6
9.O-O Bb7 10.Qe2 Nbd7 11.Rd1 Qc7 12.b3 c5 13.Bb2 Rc8 14.Rac1 Qb8 15.e4 cxd4
16.Nxd4 O-O 17.a3 Bd6 18.g3 Bc5 19.Nc2 Ne5 20.b4 Ba7 21.h3 Nc4 22.Ba1 Qxg3+  0-1

[Event "6th ch-Cent SRB Int 2013"]
[Site "Paracin SRB"]
[Date "2013.07.12"]
[Round "9.16"]
[White "Tosic,M"]
[Black "Zajic,Milan"]
[Result "0-1"]
[WhiteElo "2421"]
[BlackElo "2272"]

1.Nf3 d5 2.c4 c6 3.e3 Nf6 4.Nc3 e6 5.d4 Nbd7 6.a3 Bd6 7.g4 h6 8.Qc2 Qe7 9.h3 dxc4
10.Bxc4 e5 11.g5 hxg5 12.Nxg5 Rf8 13.dxe5 Nxe5 14.Be2 Nd5 15.Nce4 Bc7 16.f4 Nd7
17.Bd2 f5 18.Bh5+ Kd8 19.Bf7 Rxf7 20.Nxf7+ Qxf7 21.Ng5 Qe7 22.O-O-O N7f6
23.Rhe1 Bd7 24.Bc3 Kc8 25.Bd4 b6 26.e4 fxe4 27.Bxf6 Nxf6 28.Nxe4 Nxe4 29.Rxe4 Qf6
30.Qc4 b5 31.Qb4 Bf5 32.Re7 a5 33.Qc5 Bxf4+ 34.Rd2 Bxd2+ 35.Kxd2 Bd7 36.Kc2 Qf5+
37.Qxf5 Bxf5+ 38.Kc3 Bxh3 39.Rxg7 Bd7 40.a4 Kc7  0-1

[Event "V4 Int Open ch-SVK 2013"]
[Site "Banska Stiavnica SVK"]
[Date "2013.07.13"]
[Round "8.2"]
[White "Markos,J"]
[Black "Michalik,P"]
[Result "1/2-1/2"]
[WhiteElo "2580"]
[BlackElo "2579"]

1.d4 d5 2.c4 c6 3.Nc3 Nf6 4.Nf3 e6 5.e3 Nbd7 6.Qc2 Bd6 7.Be2 O-O 8.O-O dxc4
9.Bxc4 a6 10.b3 c5 11.Bb2 b5 12.Bd3 cxd4 13.Ne4 Be7 14.Bxd4 Bb7 15.Nxf6+ Nxf6
16.Bxf6 Bxf6 17.Bxh7+ Kh8 18.Rad1 Qc8 19.Qxc8 Raxc8 20.Bb1 Bxf3 21.gxf3 Rfd8
22.f4 g6 23.Kg2 Kg7 24.Rd3 Bb2 25.Rfd1 Rxd3 26.Bxd3 Rc1 27.Rxc1  1/2-1/2

[Event "Corporation Cup 2013"]
[Site "Izhevsk RUS"]
[Date "2013.07.13"]
[Round "2.5"]
[White "Bukavshin,I"]
[Black "Kozlov,Ge"]
[Result "1-0"]
[WhiteElo "2517"]
[BlackElo "2317"]

1.d4 d5 2.c4 c6 3.Nc3 Nf6 4.e3 e6 5.Nf3 Nbd7 6.Qc2 Bd6 7.Bd3 dxc4 8.Bxc4 b5
9.Bd3 Bb7 10.O-O O-O 11.a3 a5 12.e4 e5 13.Rd1 exd4 14.Nxd4 Qc7 15.h3 b4 16.Na4 Ne5
17.Bf1 Ng6 18.Nf5 Bh2+ 19.Kh1 b3 20.Qc4 Bf4 21.Nc5 Bc8 22.g3 Bxc1 23.Raxc1 a4
24.Nd6 Qe7 25.Bg2 Be6 26.Nxe6 fxe6 27.Qxc6 Rad8 28.Kg1 Nh5 29.Nc4 Ngf4 30.gxf4 Nxf4
31.Rxd8 Qxd8 32.Kh1 Qh4 33.Rf1 Kh8 34.Qc5 Rd8 35.Ne5 Nxh3 36.Bxh3 Qxh3+ 37.Kg1 h6
38.Qe3 Qh5 39.Qf4 Rc8 40.Kg2 Rc2 41.Rh1 Rxf2+ 42.Qxf2 Qxe5 43.Rh4 Qg5+ 44.Kh1 Qc1+
45.Kh2 Qc2 46.Kg2 Qc7 47.Rh3 Qe5 48.Re3 Kh7 49.Re2 Qh5 50.Qf3 Qg5+ 51.Qg3 Qh5
52.Rf2 Qc5 53.e5 Qd5+ 54.Kh2 Qd1 55.Qf3 Qd4 56.Qf4 Qd3 57.Qxa4  1-0

[Event "Styrian Open A 2013"]
[Site "Bad Gleichenberg AUT"]
[Date "2013.07.14"]
[Round "9.4"]
[White "Sebenik,M"]
[Black "Diermair,A"]
[Result "0-1"]
[WhiteElo "2511"]
[BlackElo "2426"]

1.c4 c6 2.Nf3 d5 3.e3 Nf6 4.Nc3 e6 5.d4 Nbd7 6.Qc2 Bd6 7.Bd3 O-O 8.O-O dxc4
9.Bxc4 b5 10.Be2 Bb7 11.e4 e5 12.dxe5 Nxe5 13.Nd4 Neg4 14.g3 Bc5 15.Nf5 Re8
16.Bxg4 Nxg4 17.Bf4 Qb6 18.Qe2 Nf6 19.e5 Bf8 20.Be3 c5 21.exf6 Qxf6 22.g4 b4
23.Nd1 g6 24.Ng3 Qc6 25.f3 Ba6 26.Qf2 Bxf1 27.Nxf1 c4 28.Rc1 Rad8 29.Nd2 Qa4
30.Bd4 Bh6 31.g5 Bxg5 32.f4 Bh4 33.Qxh4 Rxd4 34.b3 Qd7  0-1

[Event "XV Sant Marti Open A"]
[Site "Barcelona ESP"]
[Date "2013.07.14"]
[Round "2.41"]
[White "Zapata Arbelaes,E"]
[Black "Anguera Maestro,J"]
[Result "1/2-1/2"]
[WhiteElo "1999"]
[BlackElo "2180"]

1.d4 d5 2.c4 c6 3.Nc3 Nf6 4.Nf3 e6 5.e3 Be7 6.Qc2 O-O 7.Be2 b6 8.O-O Bb7
9.b3 Nbd7 10.Bb2 Rc8 11.Bd3 c5 12.Qe2 Ne4 13.Rac1 f5 14.cxd5 exd5 15.Ba6 Qc7
16.Rfd1 Ndf6 17.Na4 Bd6 18.dxc5 bxc5 19.Bxb7 Qxb7 20.Be5 Qe7 21.Bxf6 Nxf6
22.Nc3 Rfd8 23.Qd3 g6 24.Nxd5 Bxh2+ 25.Kxh2 Rxd5 26.Qc4 Rd8 27.Rxd5 Rxd5
28.Rd1 Qd6+ 29.g3 Kg7 30.Rxd5 Nxd5 31.Ne1 Nf6 32.Nd3 Ne4 33.Kg2 h5 34.b4 cxb4
35.Nxb4 Nf6 36.Qd4 Qb6 37.Qxb6 axb6 38.f3 Kf7 39.Kf2 Ke6 40.Ke2 Kd6 41.Kd3 g5
42.Nc2 Nd5 43.Nd4 Ke5 44.f4+ Kf6 45.a3 g4 46.e4  1/2-1/2